| 000 | 00776 a2200217 4500 | ||
|---|---|---|---|
| 005 | 20090720111945.0 | ||
| 008 | 090720t xxu||||| |||| 00| 0 eng d | ||
| 010 | _aENG-89380 | ||
| 020 |
_a8131303269 _c595.00 |
||
| 035 | _aEN-72913 | ||
| 037 | _bDBAD / PUB | ||
| 082 | _a372.7044 | ||
| 100 | _aMishra, L. | ||
| 245 |
_aTeaching of mathematics/ _cby L. Mishra |
||
| 260 |
_aNew Delhi _bAPH Publishing Corporation _c2008 |
||
| 270 |
_a4435-36/7, Ansari Road, Darya Ganj, _bNew Delhi _cDelhi _e110002 _k23274050 _maphbook@vsnl.net |
||
| 300 |
_avi, 228p. _c22 cm ( Hb.) |
||
| 500 | _aIncludes bibliographical references | ||
| 942 |
_adpl _cEN _k372.7044 / MIS _2ddc |
||
| 999 |
_c10527 _d10527 |
||